Chicken soup for the single's soul (Record no. 77845)

MARC details
000 -LEADER
fixed length control field 00640nam a2200241 i 4500
001 - CONTROL NUMBER
control field C2-0269124
003 - CONTROL NUMBER IDENTIFIER
control field PPAK
005 - DATE AND TIME OF LATEST TRANSACTION
control field 20180727235855.0
008 - FIXED-LENGTH DATA ELEMENTS--GENERAL INFORMATION
fixed length control field 060808s2003 cc |||| ||||| | chi d
020 ## - INTERNATIONAL STANDARD BOOK NUMBER
International Standard Book Number 9574555240
040 ## - CATALOGING SOURCE
Original cataloging agency PPAK
Language of cataloging eng
Transcribing agency PPAK
Description conventions rda
082 04 - DEWEY DECIMAL CLASSIFICATION NUMBER
Classification number 158.1
Edition number 23
090 00 - LOCALLY ASSIGNED LC-TYPE CALL NUMBER (OCLC); LOCAL CALL NUMBER (RLIN)
Classification number (OCLC) (R) ; Classification number, CALL (RLIN) (NR) 158.1
Feature heading JIE
Feature heading G
100 1# - MAIN ENTRY--PERSONAL NAME
Personal name Jie, Ke,
Relator term author
245 10 - TITLE STATEMENT
Title Chicken soup for the single's soul
264 #1 - PRODUCTION, PUBLICATION, DISTRIBUTION, MANUFACTURE, AND COPYRIGHT NOTICE
Place of production, publication, distribution, manufacture Taiwan :
Name of producer, publisher, distributor, manufacturer Chen xing chu ban ,
Date of production, publication, distribution, manufacture, or copyright notice 2003
300 ## - PHYSICAL DESCRIPTION
Extent 301 pages ;
Dimensions 21 cm
336 ## - CONTENT TYPE
Source rdacontent
Content type term text
337 ## - MEDIA TYPE
Source rdamedia
Media type term unmediated
338 ## - CARRIER TYPE
Source rdacarrier
Carrier type term volume
650 10 - SUBJECT ADDED ENTRY--TOPICAL TERM
Topical term or geographic name entry element Motivation (Psychology).
942 ## - ADDED ENTRY ELEMENTS (KOHA)
-- dc
Koha item type Book
Holdings
Withdrawn Not for loan Current library Shelving location Date acquired Full call number Barcode Date last seen Koha item type
    Perpustakaan Alor Setar Pinjaman Dewasa 02/04/2006 158.1 JIE A01114296 09/05/2018 Book